World Capitals Located Above 1 000 Meters (3,280 ft) - Statistics

General Stats
  • This quiz has been taken 16 times
  • The average score is 12 of 21
Answer Stats
Answer % Correct
Mexico City
87%
Quito
87%
Ulaanbaatar
87%
Bogotá
80%
Kathmandu
80%
Kampala
73%
Thimphu
73%
Addis Ababa
67%
Kigali
67%
Gitega
60%
Harare
60%
Nairobi
60%
Pretoria
60%
Guatemala City
53%
Kabul
53%
Windhoek
53%
Lusaka
40%
Maseru
40%
Sana'a
27%
Antananarivo
20%
Asmara
20%
No matching quizzes found
Score Distribution
Percent of People with Each Score
Percentile by Number Answered
Your Score History
You have not taken this quiz